00241nam a2200097Ia 4500008004100000082001600041100001000057245004400067260002300111300000900134210430s9999 xx 000 0 und d a543 S6287 P aSkoog aPrinciples Instrumental AnalysiscSkoog aIndiabskoogc1985 a849p